Noticias de la niebla (Record no. 1988)

MARC details
000 -LEADER
campo de control de longitud fija 01010cac a2200313 a 4500
003 - IDENTIFICADOR DE NÚMERO DE CONTROL
campo de control Co-PeBPM
005 - FECHA Y HORA DE LA ÚLTIMA TRANSACCIÓN
campo de control 20251216140005.0
008 - DATOS DE LONGITUD FIJA--INFORMACIÓN GENERAL
campo de control de longitud fija 141031e2011 ck ck |||| |||| 00| 0 spa d
020 ## - NÚMERO INTERNACIONAL ESTÁNDAR DEL LIBRO
Número Internacional Estándar del Libro 9789588375694
040 0# - FUENTE DE CATALOGACIÓN
Centro catalogador/agencia de origen Co-PeBPM
Lengua de catalogación spa
Normas de descripción rda
Centro/agencia transcriptor Co-PeBPM
041 ## - CÓDIGO DE IDIOMA
Código de lengua del texto/banda sonora o título independiente spa
082 04 - NÚMERO DE LA CLASIFICACIÓN DECIMAL DEWEY
Número de clasificación Co863 A674n
Número de edición 22
100 1# - ENTRADA PRINCIPAL--NOMBRE DE PERSONA
Nombre de persona Arciniegas, Triunfo,
9 (RLIN) 2811
245 10 - MENCIÓN DEL TÍTULO
Título Noticias de la niebla
Mención de responsabilidad, etc. / Triunfo Arciniegas
250 ## - MENCION DE EDICION
Mención de edición primera edición
260 ## - PUBLICACIÓN, DISTRIBUCIÓN, ETC.
Lugar de publicación, distribución, etc. Cartagena de Indias
Nombre del editor, distribuidor, etc. : Pluma de Mompox
Fecha de publicación, distribución, etc. , 2011
300 ## - DESCRIPCIÓN FÍSICA
Extensión 127 páginas
Dimensiones ; 19 centímetros.
336 ## - TIPO DE CONTENIDO
Término de tipo de contenido texto
Código de tipo de contenido txt
Fuente rdacontent
337 ## - TIPO DE MEDIO
Nombre/término del tipo de medio sin mediación
Código del tipo de medio n
Fuente rdamedia
338 ## - TIPO DE SOPORTE
Nombre/término del tipo de soporte volumen
Código del tipo de soporte nc
Fuente rdacarrier
500 ## - NOTA GENERAL
Nota general Incluye índice.
650 14 - PUNTO DE ACCESO ADICIONAL DE MATERIA--TÉRMINO DE MATERIA
Término de materia o nombre geográfico como elemento de entrada Cuentos colombianos
Fuente del encabezamiento o término LEMB
Subdivisión de forma Colecciones
9 (RLIN) 18843
650 14 - PUNTO DE ACCESO ADICIONAL DE MATERIA--TÉRMINO DE MATERIA
Término de materia o nombre geográfico como elemento de entrada Muerte
Fuente del encabezamiento o término LEMB
Subdivisión de forma Cuentos
9 (RLIN) 5201
650 14 - PUNTO DE ACCESO ADICIONAL DE MATERIA--TÉRMINO DE MATERIA
Término de materia o nombre geográfico como elemento de entrada Mujeres
Fuente del encabezamiento o término LEMB
Subdivisión de forma Cuentos.
9 (RLIN) 18638
650 14 - PUNTO DE ACCESO ADICIONAL DE MATERIA--TÉRMINO DE MATERIA
Término de materia o nombre geográfico como elemento de entrada Hombres
Fuente del encabezamiento o término LEMB
Subdivisión de forma Cuentos
9 (RLIN) 18868
650 14 - PUNTO DE ACCESO ADICIONAL DE MATERIA--TÉRMINO DE MATERIA
Término de materia o nombre geográfico como elemento de entrada Violencia
Fuente del encabezamiento o término LEMB
Subdivisión de forma Cuentos
9 (RLIN) 18811
942 ## - ELEMENTOS DE ENTRADA SECUNDARIOS (KOHA)
Fuente del sistema de clasificación o colocación Clasificación Decimal Dewey
Tipo de ítem Koha Libros
Holdings
Estatus retirado Estado de pérdida Fuente del sistema de clasificación o colocación Estado de daño No para préstamo Colección Biblioteca de origen Biblioteca actual Ubicación en estantería Fecha de adquisición Fuente de adquisición Total de préstamos Signatura topográfica completa Código de barras Visto por última vez Copia número Precio de reemplazo Tipo de ítem Koha
    Clasificación Decimal Dewey     General BIBLIOTECA PÚBLICA MUNICIPAL RAMON CORREA MEJIA BIBLIOTECA PÚBLICA MUNICIPAL RAMON CORREA MEJIA Colección general 10/10/2023 Donación Biblioteca Nacional   Co863 A674n 33952 10/10/2023 Ej.1 10/10/2023 Libros
    Clasificación Decimal Dewey     General BIBLIOTECA SAN JOAQUIN BIBLIOTECA SAN JOAQUIN Colección general 10/10/2023 Donación Biblioteca Nacional   Co863 A674n 63161 16/12/2025 Ej.1 10/10/2023 Libros

Powered by Koha